00649 2200253 4500001002100000005001500021035002000036007000300056008004100059020002200100082001200122084001900134100001800153245004500171250001000216260004100226300003300267650002300300520002500323520001400348520001100362990001100373990001100384INLIS00000000000307020190207094034 a0010-0219000012ta190207 g 0 ind  a978-602-8490-99-3 a540. 42 a540. 42 UTA u0 aUTAMININGTYAS1 aUnsur-unsur dalam Kimia /cUtaminingtyas acet.1 aJakarta :bAdfale Prima Cipta,c2017 aiv, 67 hlm. :bilus ;c25 cm aKIMIA. UNSUR KIMIA aBibliografi: hlm. 65 aGlosarium aIndeks a6474 a a6474 b